Coastway Lines stations - Statistics

General Stats
  • This quiz has been taken 24 times
  • The average score is 54 of 63
Answer Stats
Answer % Correct
Brighton
100%
Brighton
100%
Lewes
100%
Eastbourne
93%
Hove
93%
Aldrington
87%
Angmering
87%
Barnham
87%
Bedhampton
87%
Berwick
87%
Bexhill
87%
Bognor Regis
87%
Bursledon
87%
Chichester
87%
Collington
87%
Cooden Beach
87%
Cooksbridge
87%
Cosham
87%
Durrington-on-Sea
87%
Falmer
87%
Fareham
87%
Ford
87%
Fratton
87%
Glynde
87%
Hampden Park
87%
Hastings
87%
Havant
87%
Hilsea
87%
Littlehampton
87%
London Road
87%
Netley
87%
Pevensey Bay
87%
Pevensey & Westham
87%
Plumpton
87%
Polegate
87%
Portchester
87%
Portslade
87%
Portsmouth Harbour
87%
Portsmouth & Southsea
87%
Southampton Central
87%
St Denys
87%
St Leonards Warrior Square
87%
West Worthing
87%
Worthing
87%
Bitterne
80%
East Worthing
80%
Emsworth
80%
Fishersgate
80%
Goring-by-Sea
80%
Hamble
80%
Moulsecoomb
80%
Normans Bay
80%
Sholing
80%
Shoreham-by-Sea
80%
Southbourne
80%
Southwick
80%
Swanwick
80%
Warblington
80%
Bosham
73%
Fishbourne
73%
Lancing
73%
Nutbourne
73%
Woolston
73%
No matching quizzes found
Score Distribution
Percent of People with Each Score
Percentile by Number Answered
Your Score History
You have not taken this quiz